000 00681nam a2200289Ia 4500
005 20260324143712.0
008 008 260324s9999 xx 000 0 eng d
020 _a9781003208990
037 _aEBOOK
040 _aCRL
040 _beng
040 _cCRL
041 _2eng
041 _aeng
084 _qCRL
100 _aTerje A. Skotheim
_91216609
245 0 _aElectroresponsive Molecular and Polymeric Systems
245 0 _bVolume 2:
260 _bTaylor and Francis
260 _c1991
365 _a
365 _b275
856 _uhttp://www.taylorfrancis.com/books/9781003208990
942 _cEBOOK
999 _c1822322
_d1822322